Anaphora in Celtic and universal grammar

Bibliographic Details
Published in:Studies in natural language and linguistic theory
Main Author: Hendrick, Randall
Content type: Book
Published: Dordrecht: Kluwer 1988
Series:Studies in natural language and linguistic theory ;
Source:MPIPL_cat
_version_ 1863687004208758784
author Hendrick, Randall
author_facet Hendrick, Randall
author_search Hendrick, Randall
author_sort Hendrick, Randall
author_variant r h rh
callnumber-first 210-Hen/1
callnumber-label 210-HEN/1
callnumber-raw 210-HEN/1
callnumber-search 210-HEN/1
collection_details MPIPL
container_title Studies in natural language and linguistic theory
dedup_id_str MPIPL_cat.PL0050850
dewey-hierarchy 0/[Unassigned]/
dewey-hierarchy_str 0/[Unassigned]/
first_indexed 2026-03-14T00:40:04Z
format 0/Buch/
format_str 0/Buch/
fullrecord <?xml version="1.0" encoding="UTF-8"?> <collection xmlns:xsi="http://www.w3.org/2001/XMLSchema-instance" xsi:schemaLocation="http://www.loc.gov/MARC21/slim http://www.loc.gov/standards/marcxml/schema/MARC21slim.xsd" xmlns="http://www.loc.gov/MARC21/slim"> <record> <leader>00000nam a2200000 ub4500</leader> <controlfield tag="001">PL0050850</controlfield> <controlfield tag="003">PLI01000000000000000050617</controlfield> <controlfield tag="005">00000000000000.0</controlfield> <controlfield tag="008"> ||| u </controlfield> <datafield tag="020" ind1=" " ind2=" "> <subfield code="a">1-556-08066-2</subfield> </datafield> <datafield tag="020" ind1=" " ind2=" "> <subfield code="a">9781556080661</subfield> </datafield> <datafield tag="090" ind1=" " ind2=" "> <subfield code="a">210-Hen/1</subfield> </datafield> <datafield tag="100" ind1="1" ind2=" "> <subfield code="a">Hendrick, Randall</subfield> </datafield> <datafield tag="245" ind1="0" ind2="0"> <subfield code="a">Anaphora in Celtic and universal grammar</subfield> <subfield code="c">Randall Hendrick</subfield> </datafield> <datafield tag="260" ind1=" " ind2=" "> <subfield code="a">Dordrecht</subfield> <subfield code="b">Kluwer</subfield> <subfield code="c">1988</subfield> </datafield> <datafield tag="300" ind1=" " ind2=" "> <subfield code="a">XI, 284 S.</subfield> </datafield> <datafield tag="490" ind1="0" ind2=" "> <subfield code="a">Studies in natural language and linguistic theory ;</subfield> </datafield> <datafield tag="830" ind1=" " ind2="0"> <subfield code="w">PL0000540</subfield> </datafield> <datafield tag="852" ind1=" " ind2=" "> <subfield code="c">210-Hen/1</subfield> <subfield code="m">BOOK</subfield> </datafield> </record> </collection>
hierarchy_parent_id MPIPL_cat.PL0000540
hierarchy_parent_title Studies in natural language and linguistic theory
id MPIPL_cat.PL0050850
illustrated Not Illustrated
institution MPIPL_cat
institution_str MPIPL_cat
isbn 9781556080661
1-556-08066-2
language und
language_str und
last_indexed 2026-04-27T23:41:35Z
online false
online_MPIPL_cat false
online_str false
physical XI, 284 S.
publishDate 1988
publishDate_str 1988
publisher Kluwer
record_format marc
series Studies in natural language and linguistic theory
signature_search 210-Hen/1
spelling Hendrick, Randall
Anaphora in Celtic and universal grammar
Randall Hendrick
Dordrecht
Kluwer
1988
XI, 284 S.
Studies in natural language and linguistic theory
PL0000540
spellingShingle Hendrick, Randall
Anaphora in Celtic and universal grammar
Studies in natural language and linguistic theory
title Anaphora in Celtic and universal grammar
title_full Anaphora in Celtic and universal grammar Randall Hendrick
title_fullStr Anaphora in Celtic and universal grammar Randall Hendrick
title_full_unstemmed Anaphora in Celtic and universal grammar Randall Hendrick
title_search Anaphora in Celtic and universal grammar
Studies in natural language and linguistic theory
title_short Anaphora in Celtic and universal grammar
title_sort anaphora in celtic and universal grammar randall hendrick